Modern Pass Book of Mathematics (Record no. 352080)
[ view plain ]
| 000 -LEADER | |
|---|---|
| fixed length control field | 00541nam a22001817a 4500 |
| 003 - CONTROL NUMBER IDENTIFIER | |
| control field | OSt |
| 005 - DATE AND TIME OF LATEST TRANSACTION | |
| control field | 20180116183107.0 |
| 008 - FIXED-LENGTH DATA ELEMENTS--GENERAL INFORMATION | |
| fixed length control field | 170829b xxu||||| |||| 00| 0 eng d |
| 020 ## - INTERNATIONAL STANDARD BOOK NUMBER | |
| International Standard Book Number | 0 |
| 040 ## - CATALOGING SOURCE | |
| Transcribing agency | 0 |
| 082 ## - DEWEY DECIMAL CLASSIFICATION NUMBER | |
| Classification number | 510 SAD 1998 |
| 100 ## - MAIN ENTRY--PERSONAL NAME | |
| Personal name | Prof. Ch. Muhammad Saddiq |
| 245 ## - TITLE STATEMENT | |
| Title | Modern Pass Book of Mathematics |
| Remainder of title | (Objective Type) Class 11th & 12th |
| Statement of responsibility, etc. | Prof. Ch. Muhammad Saddiq |
| 260 ## - PUBLICATION, DISTRIBUTION, ETC. | |
| Place of publication, distribution, etc. | Lahore Pakistan |
| Name of publisher, distributor, etc. | Pakistan Book Centre |
| 300 ## - PHYSICAL DESCRIPTION | |
| Extent | 69p. |
| Other physical details | pb |
| 440 ## - SERIES STATEMENT/ADDED ENTRY--TITLE | |
| Title | Modern Pass Book of Mathematics |
| 942 ## - ADDED ENTRY ELEMENTS (KOHA) | |
| Source of classification or shelving scheme | |
| Koha item type | Book |
| Call number prefix | 510 SAD 1998 |
| Withdrawn status | Lost status | Source of classification or shelving scheme | Damaged status | Not for loan | Collection code | Permanent Location | Current Location | Shelving location | Date acquired | Total Checkouts | Full call number | Barcode | Date last seen | Date last checked out | Price effective from | Koha item type | Public note |
|---|---|---|---|---|---|---|---|---|---|---|---|---|---|---|---|---|---|
| Write Off | Central Library (CL) | Central Library (CL) | General Stacks | 08/29/2017 | 1 | 510 SAD 1998 | NBS2081 | 11/23/2017 | 08/29/2017 | 08/29/2017 | Book | No:67/2004/NIMS, Dated:23 August 2004 |
